000 00379nam a2200157Ia 4500
008 230917s9999||||xx |||||||||||||| ||und||
040 _e144891
_aMAIN
041 _aEnglish
082 _a658.3 N68H
100 _aNoe, Raymond A
245 0 _aHuman resource management
250 _a5th ed.
260 _aNew Delhi
_bTata McGraw-Hill
_c2007
300 _a767 p.
942 _cBK
999 _c145095
_d145095